000 00320nam a2200133Ia 4500
008 190216s9999||||xx |||||||||||||| ||und||
100 _aSharma Dp And Desai. V.V
245 0 _aRural Economy Of India
250 _a1st Ed.
260 _bVikas Publishing House
_c1980
300 _a382
650 _aEconomics
942 _cBK
999 _c9542
_d9542